[Event "Moscow-Open 2021_A"]
[Site "Moscow"]
[Date "2021.02.27"]
[Round "8.61"]
[White "Mikhnenko, Alexander"]
[Black "Druchenko, Mikhail"]
[Result "1-0"]
[WhiteElo "2129"]
[BlackElo "1761"]
[PlyCount "123"]
[EventDate "2021.02.20"]

1. Nc3 e5 2. Nf3 Nc6 3. d4 exd4 4. Nxd4 Bc5 5. Nf5 Qf6 6. g4 Nge7 7. Ne4 Bb4+
8. c3 Qe5 9. Nxg7+ Qxg7 10. cxb4 d5 11. Nc3 Be6 12. b5 Ne5 13. Be3 Qxg4 14. Qd4
Qxd4 15. Bxd4 f6 16. O-O-O O-O-O 17. Bg2 Rhg8 18. Rhg1 b6 19. f4 Nd7 20. Bf3
Rxg1 21. Bxg1 Nf8 22. Bd4 Nd7 23. Bf2 Ng6 24. Nxd5 Bxd5 25. Rxd5 Nxf4 26. Rf5
Ng6 27. Rh5 Rh8 28. Be4 Nde5 29. Bg3 h6 30. h4 Kd7 31. Rf5 Ke6 32. h5 Ne7 33.
Rf1 Rg8 34. Bf4 f5 35. Bc2 Rg4 36. Bxh6 Rh4 37. Bg7 Rxh5 38. Bb3+ Kd6 39. Rd1+
Kc5 40. Bxe5 Kxb5 41. Bxc7 Rh6 42. Rd7 Nc6 43. Rd5+ Ka6 44. Rxf5 Nd4 45. Rf7
Nxe2+ 46. Kd2 Nd4 47. Bd5 Kb5 48. Bf4 Rh5 49. Be4 Rh4 50. Rf6 Rh8 51. Kd3 Rd8
52. Ke3 Kc5 53. Be5 Nb5 54. Rc6+ Kb4 55. Bc3+ Nxc3 56. Rxc3 b5 57. Bd3 a6 58.
Rc6 Ka5 59. a3 Ra8 60. b4+ Ka4 61. Rc3 Re8+ 62. Kd2 1-0

[Event "Moscow-Open 2021_A"]
[Site "Moscow"]
[Date "2021.02.27"]
[Round "8.62"]
[White "Sviridov, Vladislav"]
[Black "Kirushin, Ivan"]
[Result "1/2-1/2"]
[WhiteElo "2123"]
[BlackElo "1765"]
[PlyCount "70"]
[EventDate "2021.02.20"]

1. d4 d6 2. e4 g6 3. Be3 Bg7 4. Nc3 c6 5. Bc4 e6 6. Qd2 d5 7. Bb3 Ne7 8. Bh6
Bxh6 9. Qxh6 dxe4 10. Qg7 Rg8 11. Qe5 Nd7 12. Qxe4 Nf6 13. Qe5 Nf5 14. O-O-O
Qe7 15. Nf3 Ng4 16. Qe2 Bd7 17. Ne4 O-O-O 18. Ne5 Nxe5 19. dxe5 c5 20. c3 Bc6
21. Bc2 Bxe4 22. Bxe4 Qc7 23. Bxf5 gxf5 24. f4 Qc6 25. g3 Rd5 26. Qh5 Rgd8 27.
Qxf7 Rxd1+ 28. Rxd1 Rxd1+ 29. Kxd1 Qf3+ 30. Kd2 Qf2+ 31. Kd3 Qf1+ 32. Kd2 Qf2+
33. Kd3 Qf1+ 34. Kd2 Qf2+ 35. Kd3 Qf1+ 1/2-1/2

[Event "Moscow-Open 2021_A"]
[Site "Moscow"]
[Date "2021.02.27"]
[Round "8.63"]
[White "Neklyudov, Taras"]
[Black "Shaymardanov, Bakhtiyar"]
[Result "0-1"]
[WhiteElo "1971"]
[BlackElo "1702"]
[PlyCount "67"]
[EventDate "2021.02.20"]

1. e4 c5 2. Nf3 d6 3. d4 cxd4 4. Qxd4 Nc6 5. Bb5 a6 6. Bxc6+ bxc6 7. c4 e5 8.
Qd3 Nf6 9. Nc3 Be7 10. Bg5 Be6 11. O-O Qc7 12. Rad1 Rd8 13. Bxf6 Bxf6 14. c5
dxc5 15. Qxa6 O-O 16. Rxd8 Rxd8 17. h3 Re8 18. Na4 Be7 19. Rc1 c4 20. Nd2 Bg5
21. Rc2 Qb8 22. Nf1 Qd8 23. Qxc6 Bd7 24. Qd5 Bxa4 25. Rxc4 Qxd5 26. exd5 Bb5
27. Rb4 Bxf1 28. Kxf1 g6 29. a3 Kf8 30. d6 Ra8 31. Rb6 e4 32. g3 Bf6 33. a4 Be5
34. Rb4 0-1

[Event "Moscow-Open 2021_A"]
[Site "Moscow"]
[Date "2021.02.27"]
[Round "8.64"]
[White "Rudakov, Sergey S"]
[Black "Cherniaev, Danil"]
[Result "1-0"]
[WhiteElo "1926"]
[BlackElo "1583"]
[PlyCount "81"]
[EventDate "2021.02.20"]

1. e4 c5 2. Nf3 d6 3. d4 cxd4 4. Nxd4 Nf6 5. Nc3 a6 6. Be2 e5 7. Nb3 Be6 8. Bg5
Be7 9. Bxf6 Bxf6 10. Nd5 Bxd5 11. Qxd5 Nc6 12. Rd1 Be7 13. a3 O-O 14. O-O Qc7
15. Qd2 Nd8 16. g3 Rc8 17. Bd3 Ne6 18. f4 exf4 19. gxf4 Bf6 20. Rb1 Nc5 21.
Nxc5 Qxc5+ 22. Kh1 g6 23. c3 Bg7 24. Rbd1 f5 25. exf5 gxf5 26. Be2 Rf6 27. Bf3
b5 28. Qe2 Qc7 29. Rg1 Kh8 30. Bd5 Qd7 31. Rde1 a5 32. Rg2 Rcf8 33. Reg1 R6f7
34. Bxf7 Rxf7 35. Qf3 Qb7 36. Qd3 Qc6 37. Qe2 b4 38. axb4 axb4 39. cxb4 d5 40.
b5 Qd7 41. Rxg7 1-0

[Event "Moscow-Open 2021_A"]
[Site "Moscow"]
[Date "2021.02.27"]
[Round "8.66"]
[White "Averin, Nikolay"]
[Black "Pereverzev, Timofei"]
[Result "1-0"]
[WhiteElo "1818"]
[BlackElo "1506"]
[PlyCount "57"]
[EventDate "2021.02.20"]

1. e4 c5 2. Nf3 e6 3. d4 cxd4 4. Nxd4 a6 5. Nc3 Qc7 6. Qf3 Bd6 7. Be3 Be5 8.
Qg4 Nf6 9. Qh4 Nc6 10. Nde2 Nb4 11. O-O-O d5 12. exd5 Nfxd5 13. Bd4 Nxc3 14.
Nxc3 Bf4+ 15. Be3 Bxe3+ 16. fxe3 Nc6 17. Bd3 h6 18. g4 b5 19. Ne4 Bb7 20. Rhf1
Qe7 21. Qh5 g6 22. Nd6+ Qxd6 23. Bxg6 Qe5 24. Rxf7 Qxh5 25. Bxh5 Nd4 26. Rxb7+
Kd8 27. Rxd4+ Kc8 28. Rdd7 Rh7 29. Rxh7 1-0

[Event "Moscow-Open 2021_A"]
[Site "Moscow"]
[Date "2021.02.27"]
[Round "8.67"]
[White "Bogov, Khetag"]
[Black "Boktaev, Adyan"]
[Result "0-1"]
[WhiteElo "1263"]
[BlackElo "1808"]
[PlyCount "112"]
[EventDate "2021.02.20"]

1. d4 d5 2. Nf3 Nf6 3. g3 Bf5 4. Bg2 e6 5. O-O Bd6 6. Nbd2 Nbd7 7. b3 Ne4 8.
Bb2 h5 9. Ne5 Nxd2 10. Qxd2 Nxe5 11. dxe5 Be7 12. Rfe1 h4 13. e4 dxe4 14. Qxd8+
Rxd8 15. Bxe4 hxg3 16. hxg3 Bxe4 17. Rxe4 Bc5 18. Bc3 Rh5 19. a4 Rf5 20. Re2
Rf3 21. Bb2 Rxg3+ 22. Kf1 Rg4 23. Rae1 Ke7 24. Re4 Rxe4 25. Rxe4 Rd2 26. Rc4
Bb6 27. Ke1 Rd5 28. f4 c6 29. Ke2 Bc7 30. b4 a6 31. Rd4 f6 32. c4 Rxd4 33. Bxd4
f5 34. a5 Kf7 35. Kf3 Bd8 36. Bc3 g5 37. Bd2 Kg6 38. fxg5 Bxg5 39. Bc3 Bc1 40.
Bd4 Kg5 41. Bc3 f4 42. Be1 Kf5 43. Bc3 Be3 44. c5 Bc1 45. Ke2 Ke4 46. Ba1 f3+
47. Kf2 Bd2 48. b5 axb5 49. a6 bxa6 50. Kf1 b4 51. Kf2 a5 52. Kf1 a4 53. Bb2 a3
54. Ba1 b3 55. Kf2 b2 56. Bxb2 axb2 0-1

[Event "Moscow-Open 2021_A"]
[Site "Moscow"]
[Date "2021.02.27"]
[Round "8.68"]
[White "Maimin, Leonid"]
[Black "Yarikov, Artem"]
[Result "1/2-1/2"]
[WhiteElo "1415"]
[BlackElo "1778"]
[PlyCount "83"]
[EventDate "2021.02.20"]

1. e4 c5 2. Nf3 Nc6 3. d4 cxd4 4. Nxd4 Nf6 5. Nc3 e5 6. Ndb5 d6 7. Bg5 a6 8.
Na3 b5 9. Bxf6 gxf6 10. Nd5 f5 11. g3 Bg7 12. Bg2 f4 13. gxf4 exf4 14. c3 Ne5
15. Rg1 Bg4 16. f3 Bh5 17. Kf1 Bh6 18. c4 Nxc4 19. Nxc4 bxc4 20. Qd4 Rg8 21.
Nf6+ Kf8 22. Nxh5 Rg5 23. Qh8+ Rg8 24. Qf6 Bg5 25. Qxd8+ Rxd8 26. Ke2 Rg6 27.
Bh3 f6 28. Bf5 Rh6 29. h4 Rxh5 30. hxg5 Rh2+ 31. Kf1 Rb8 32. Rb1 Rbxb2 33. Rxb2
Rxb2 34. Rg2 Rb1+ 35. Kf2 c3 36. e5 Rb2+ 37. Kg1 fxg5 38. Rxb2 cxb2 39. exd6 h5
40. Kf2 g4 41. fxg4 hxg4 42. Ke2 1/2-1/2

[Event "Moscow-Open 2021_A"]
[Site "Moscow"]
[Date "2021.02.27"]
[Round "8.69"]
[White "Lunin, Aleksey"]
[Black "Khmelev, Mikhail"]
[Result "0-1"]
[WhiteElo "1513"]
[BlackElo "2077"]
[PlyCount "84"]
[EventDate "2021.02.20"]

1. e4 c5 2. Nf3 Nc6 3. d4 cxd4 4. Nxd4 e5 5. Nb5 d6 6. N1c3 a6 7. Na3 b5 8. Nd5
Nge7 9. c4 Nxd5 10. exd5 Nd4 11. cxb5 Be7 12. Nc2 Bf6 13. Nxd4 exd4 14. Bd3 O-O
15. O-O axb5 16. Bxb5 Bb7 17. Bd3 Qa5 18. Bf4 Qxd5 19. f3 Be5 20. Qd2 Qc5 21.
Rfc1 Qb6 22. Rc2 Bd5 23. b4 Rfc8 24. Rac1 Re8 25. Bxe5 dxe5 26. Kf1 Be6 27. Rc6
Qa7 28. R1c2 Qa3 29. b5 Bxa2 30. Ra6 Rxa6 31. bxa6 Bb1 32. Bb5 Bxc2 33. Bxe8
Qxa6+ 34. Kf2 Qd3 35. Qb4 Qe3+ 36. Kg3 Bf5 37. Bxf7+ Kxf7 38. Qc4+ Kg6 39. Qc6+
Kg5 40. Qe8 Bg6 41. Qe6 Qe1+ 42. Kh3 Qh4# 0-1

[Event "Moscow-Open 2021_A"]
[Site "Moscow"]
[Date "2021.02.27"]
[Round "8.70"]
[White "Chertkov, Maksim"]
[Black "Lebedev, Artem S."]
[Result "0-1"]
[WhiteElo "1972"]
[BlackElo "1623"]
[PlyCount "84"]
[EventDate "2021.02.20"]

1. e4 e5 2. Nf3 Nc6 3. Bb5 a6 4. Ba4 Nf6 5. O-O Be7 6. d3 b5 7. Bb3 d6 8. a4 b4
9. a5 O-O 10. Nbd2 Be6 11. Nc4 h6 12. Ba4 Nb8 13. Ne3 c5 14. Bd2 Qc7 15. c3
bxc3 16. bxc3 Nc6 17. c4 Bd7 18. Bxc6 Qxc6 19. Nh4 g6 20. g3 Qc8 21. Nhg2 Bh3
22. Bc3 Qe6 23. Qd2 Bxg2 24. Kxg2 Rab8 25. Rab1 Kh7 26. Rb6 Rxb6 27. axb6 Rb8
28. Rb1 Bd8 29. Ba5 Qd7 30. Qa2 Qc6 31. Nd5 Nxd5 32. cxd5 Qb7 33. Qa4 Rc8 34.
f4 exf4 35. gxf4 c4 36. dxc4 Rc5 37. Be1 Qc8 38. Qa2 Rxc4 39. b7 Rc2+ 40. Kh1
Qh3 41. Bd2 Rxa2 42. b8=Q Rxd2 0-1

[Event "Moscow-Open 2021_A"]
[Site "Moscow"]
[Date "2021.02.27"]
[Round "8.71"]
[White "Borisov, Yury"]
[Black "Basiev, Georgiy"]
[Result "0-1"]
[WhiteElo "1972"]
[BlackElo "1448"]
[PlyCount "108"]
[EventDate "2021.02.20"]

1. c4 Nf6 2. Nc3 g6 3. g3 Bg7 4. Bg2 d6 5. d4 O-O 6. e4 e5 7. d5 Nbd7 8. Nge2
a5 9. O-O Nc5 10. h3 Ne8 11. Kh2 f5 12. f4 Nf6 13. exf5 gxf5 14. fxe5 dxe5 15.
Be3 Nce4 16. Nxe4 Nxe4 17. Qc2 Nf6 18. Rad1 Qe8 19. Bc5 Rf7 20. Rde1 Qd8 21.
Bf3 h5 22. Be3 Qd7 23. Ng1 h4 24. gxh4 f4 25. Bc1 Re7 26. b3 Qf5 27. Qxf5 Bxf5
28. Bxf4 Rae8 29. Bg5 Rf7 30. Bxf6 Rxf6 31. Bg4 Bd3 32. Rxf6 Bxf6 33. Be6+ Kg7
34. Nf3 e4 35. Ng5 Bc3 36. Rg1 Kf6 37. Nf7 e3 38. Ng5 e2 39. Nf3 Be4 40. Ne1
Be5+ 41. Rg3 Bxg3+ 42. Kxg3 Bb1 43. Kf2 Bxa2 44. Kxe2 Bxb3 45. Kd3 a4 46. Kc3
Ra8 47. Kb2 Bxc4 48. Nc2 Bd3 49. Na3 b5 50. Kc3 Bf1 51. Kb4 Rh8 52. Nb1 Rxh4+
53. Ka3 Bxh3 54. Bg8 Rg4 0-1

[Event "Moscow-Open 2021_A"]
[Site "Moscow"]
[Date "2021.02.27"]
[Round "8.72"]
[White "Agkatsev, Felix A"]
[Black "Maslovskiy, Vladimir"]
[Result "1/2-1/2"]
[WhiteElo "1338"]
[BlackElo "1959"]
[PlyCount "79"]
[EventDate "2021.02.20"]

1. d4 d5 2. Nf3 Nf6 3. e3 e6 4. Bd3 Be7 5. b3 O-O 6. Bb2 Nbd7 7. Nbd2 c5 8. O-O
b6 9. Ne5 Bb7 10. f4 Ne4 11. Nxe4 dxe4 12. Bb5 Nxe5 13. dxe5 a6 14. Be2 Qd5 15.
Qe1 Rad8 16. Rd1 Qc6 17. c4 Rxd1 18. Qxd1 Rd8 19. Qc2 h6 20. Rd1 Qc7 21. Rxd8+
Qxd8 22. Qd1 Qxd1+ 23. Bxd1 Kf8 24. Kf2 Bh4+ 25. g3 Be7 26. Ke1 Ke8 27. Kd2 Kd7
28. Be2 Bc6 29. a4 a5 30. Bc3 Bb7 31. Bb2 Bc6 32. Bc3 Bb7 33. Bb2 Bc6 34. Bc3
Bb7 35. Bb2 Bc6 36. Bc3 Bb7 37. Bb2 Ba8 38. Ba1 Bc6 39. Bc3 Bb7 40. Ba1 1/2-1/2

[Event "Moscow-Open 2021_A"]
[Site "Moscow"]
[Date "2021.02.27"]
[Round "8.73"]
[White "Zadorozhy, Egor"]
[Black "Ponomarev, Andrey A."]
[Result "0-1"]
[WhiteElo "1156"]
[BlackElo "1893"]
[PlyCount "80"]
[EventDate "2021.02.20"]

1. e4 e6 2. d4 d5 3. exd5 exd5 4. Bd3 Nc6 5. Nf3 Bd6 6. O-O Nge7 7. Bg5 f6 8.
Bh4 Bg4 9. c3 Qd7 10. Nbd2 O-O-O 11. b4 h5 12. Qa4 Bf4 13. Bg3 Bxd2 14. Nxd2 h4
15. Bf4 g5 16. Be3 f5 17. f3 f4 18. Bf2 Bf5 19. Bxf5 Nxf5 20. b5 Nb8 21. Qxa7
Qxb5 22. Rfb1 Qa6 23. Qc5 b6 24. Qb4 h3 25. Re1 hxg2 26. Qb1 Nd6 27. Kxg2 Rdg8
28. h3 Qa4 29. Re7 Nc6 30. Re1 Nd8 31. Qd3 Qd7 32. Qa6+ Kb8 33. Kf1 Qxh3+ 34.
Ke2 Qg2 35. Rf1 Nf5 36. Kd3 Ne3 37. Bxe3 fxe3 38. Nb3 Rh2 39. Rfe1 Qc2+ 40.
Kxe3 Re8# 0-1

[Event "Moscow-Open 2021_A"]
[Site "Moscow"]
[Date "2021.02.27"]
[Round "8.74"]
[White "Kuznetsov, Ivan V."]
[Black "Davidyan, Vladimir"]
[Result "1-0"]
[WhiteElo "1831"]
[BlackElo "1427"]
[PlyCount "73"]
[EventDate "2021.02.20"]

1. e4 e5 2. Nc3 Nf6 3. g3 d5 4. exd5 c6 5. dxc6 Nxc6 6. Bg2 Bg4 7. Nge2 Nd4 8.
O-O Bc5 9. h3 Bf3 10. Bxf3 Nxf3+ 11. Kg2 Qd7 12. Ng1 Nxg1 13. Rxg1 Qc6+ 14. Qf3
Qxf3+ 15. Kxf3 O-O-O 16. d3 Rhe8 17. Re1 Re6 18. Kg2 Bb4 19. Bg5 Rdd6 20. Bxf6
gxf6 21. Re4 Rd4 22. Rxd4 exd4 23. Nd5 Bf8 24. Kf3 Kd7 25. a3 Kc6 26. Nf4 Re5
27. Rc1 Bh6 28. c3 Rc5 29. c4 Re5 30. b4 f5 31. Rc2 f6 32. Ne2 Kc7 33. Nxd4 Re8
34. Re2 Rxe2 35. Nxe2 Bd2 36. g4 Kd6 37. d4 1-0

[Event "Moscow-Open 2021_A"]
[Site "Moscow"]
[Date "2021.02.27"]
[Round "8.75"]
[White "Karapetyan, Alexander"]
[Black "Silenko, Alexey"]
[Result "1-0"]
[WhiteElo "1782"]
[BlackElo "1561"]
[PlyCount "108"]
[EventDate "2021.02.20"]

1. e4 e6 2. d4 d5 3. Bd3 Nf6 4. e5 Nfd7 5. Nf3 c5 6. c3 Nc6 7. O-O Be7 8. h4 h6
9. h5 b6 10. Be3 Bb7 11. Nh2 Qc7 12. Qg4 O-O-O 13. Nd2 Rdg8 14. f4 Kb8 15. f5
Bc8 16. Qf3 Rf8 17. fxe6 fxe6 18. Qg4 cxd4 19. cxd4 Nb4 20. Rfc1 Qd8 21. Bb5
Bg5 22. Bxg5 Qxg5 23. Qxg5 hxg5 24. a3 Na6 25. Rxc8+ Rxc8 26. Bxd7 Rc2 27. Ndf3
Rxh5 28. Bxe6 Nc7 29. Bg4 Rh6 30. Nxg5 Rg6 31. Bf5 Rxg2+ 32. Kxg2 Rxg5+ 33. Bg4
Ne6 34. Rd1 Rg6 35. Kg3 Ng5 36. Bf5 Rh6 37. Nf3 Nf7 38. Rc1 Rh8 39. Be6 Nh6 40.
Bxd5 Nf5+ 41. Kf4 Rf8 42. Ke4 Ne7 43. Be6 Ng6 44. d5 Kb7 45. Rg1 Nf4 46. Rxg7+
Ka6 47. Rf7 Nxe6 48. dxe6 Re8 49. Nd4 b5 50. e7 Rh8 51. Rf8 Rh4+ 52. Kd5 Rxd4+
53. Kxd4 b4 54. e8=Q bxa3 1-0

[Event "Moscow-Open 2021_A"]
[Site "Moscow"]
[Date "2021.02.27"]
[Round "8.76"]
[White "Meydi, Igor"]
[Black "Arutyunova, Yuliya"]
[Result "0-1"]
[WhiteElo "1678"]
[BlackElo "1802"]
[PlyCount "76"]
[EventDate "2021.02.20"]

1. d4 Nf6 2. g3 g6 3. c4 Bg7 4. Bg2 c6 5. Nf3 d5 6. Nc3 O-O 7. O-O Nbd7 8. Ne5
e6 9. f4 Nxe5 10. fxe5 Nd7 11. cxd5 exd5 12. e4 dxe4 13. Nxe4 c5 14. Bg5 Qb6
15. Be7 Re8 16. Nf6+ Nxf6 17. dxc5 Qxb2 18. exf6 Bf5 19. Kh1 h5 20. Qd6 Bf8 21.
Rad1 Bh6 22. Rfe1 Bg4 23. Rb1 Qc3 24. Qd5 Rad8 25. Qxb7 Rd2 26. Qb4 Qc2 27. Qe4
Qxa2 28. Ra1 Qb2 29. Rab1 Qa2 30. Ra1 Qb2 31. Qb7 Bh3 32. Qxb2 Bxg2+ 33. Kg1
Rxb2 34. Rxa7 Ra8 35. Rd7 Bc6 36. Rc7 Bd5 37. Rd7 Be6 38. Rd4 Be3+ 0-1

[Event "Moscow-Open 2021_A"]
[Site "Moscow"]
[Date "2021.02.27"]
[Round "8.77"]
[White "Makarenko, Kirill"]
[Black "Voronin, Nikita"]
[Result "1-0"]
[WhiteElo "1507"]
[BlackElo "1732"]
[PlyCount "89"]
[EventDate "2021.02.20"]

1. d4 d5 2. c4 e6 3. Nc3 Nf6 4. cxd5 exd5 5. Bg5 c6 6. e3 Be7 7. Bd3 Bg4 8.
Nge2 Bh5 9. O-O Bg6 10. f3 Bxd3 11. Qxd3 Nbd7 12. Bh4 O-O 13. Bf2 Re8 14. Ng3
g6 15. h3 Bd6 16. e4 Bxg3 17. Bxg3 dxe4 18. Nxe4 Nxe4 19. fxe4 Ne5 20. Qc3 Nd7
21. Rae1 Rc8 22. Qb3 Re6 23. Qxb7 Nf6 24. Be5 Nd7 25. Bg3 Nf6 26. d5 cxd5 27.
exd5 Rxe1 28. Bxe1 Rc7 29. Qb3 Nxd5 30. Ba5 Nb6 31. Bxb6 axb6 32. Qxb6 Qc8 33.
Qf6 Qb7 34. Rd1 Qa7+ 35. Qd4 Qb7 36. Re1 Rc8 37. a4 Rb8 38. b4 Ra8 39. b5 f6
40. Qxf6 Qa7+ 41. b6 Qxa4 42. Re7 Qa1+ 43. Qxa1 Rxa1+ 44. Kh2 Kf8 45. Rc7 1-0

[Event "Moscow-Open 2021_A"]
[Site "Moscow"]
[Date "2021.02.27"]
[Round "8.78"]
[White "Fedosov, Alexander"]
[Black "Khiryaev, Adam"]
[Result "1/2-1/2"]
[WhiteElo "1369"]
[BlackElo "1229"]
[PlyCount "114"]
[EventDate "2021.02.20"]

1. Nf3 d5 2. g3 Nf6 3. Bg2 g6 4. O-O Bg7 5. d4 O-O 6. c4 dxc4 7. Na3 c3 8. bxc3
Be6 9. Ng5 Bc8 10. Re1 h6 11. Nf3 Ne4 12. Bb2 Be6 13. Nd2 Nd6 14. e4 c6 15. Rb1
Bxa2 16. Ra1 Be6 17. Qc2 Nd7 18. c4 f6 19. d5 cxd5 20. cxd5 Bf7 21. Rac1 Rc8
22. Qd3 Nc5 23. Qe3 b6 24. Nac4 Qd7 25. h4 h5 26. Kh2 Rc7 27. Bh3 Qd8 28. Na5
Be8 29. Nab3 Nxb3 30. Nxb3 Bd7 31. Rxc7 Qxc7 32. Rc1 Qb7 33. Bxd7 Qxd7 34. Nd4
Rc8 35. Nc6 Rc7 36. f3 Kh7 37. Qd3 b5 38. Nb8 Qc8 39. Rxc7 Qxc7 40. Nc6 Nc4 41.
Ba3 Bf8 42. Bc5 a6 43. f4 Qd7 44. f5 Ne5 45. Nxe5 fxe5 46. Qf3 Bg7 47. Bb4 Bh6
48. f6 exf6 49. Qxf6 Bg7 50. Qxa6 Qg4 51. Qxb5 Qxe4 52. d6 Qc2+ 53. Kh3 Qf5+
54. Kg2 Qe4+ 55. Kh2 Qc2+ 56. Kh1 Qb1+ 57. Kg2 Qc2+ 1/2-1/2

[Event "Moscow-Open 2021_A"]
[Site "Moscow"]
[Date "2021.02.27"]
[Round "8.79"]
[White "Kasintsov, Gleb"]
[Black "Korovko, Iakov"]
[Result "0-1"]
[WhiteElo "1658"]
[BlackElo "1606"]
[PlyCount "124"]
[EventDate "2021.02.20"]

1. Nf3 Nf6 2. g3 e6 3. Bg2 Be7 4. d3 d5 5. Nbd2 O-O 6. O-O c5 7. e4 Nc6 8. c3
b6 9. Qc2 Ba6 10. Ne1 dxe4 11. Nxe4 Nxe4 12. Bxe4 Bb7 13. Bf4 f5 14. Bg2 Bf6
15. Qb3 Qd7 16. Nf3 Kh8 17. Rfe1 Rae8 18. Be5 Bxe5 19. Nxe5 Nxe5 20. Rxe5 Bxg2
21. Kxg2 Qxd3 22. Rd1 Qa6 23. Rxe6 f4 24. gxf4 c4 25. Qb4 Qc8 26. Rde1 Rxe6 27.
Rxe6 Rxf4 28. Qe7 Qa8+ 29. Kg1 Qf3 30. Qd8+ Rf8 31. Qd4 h5 32. Rg6 Rf7 33. Qe3
Qxe3 34. fxe3 Rd7 35. Rg2 Rd1+ 36. Kf2 Rd2+ 37. Kf3 Rxg2 38. Kxg2 g5 39. Kf3
Kg7 40. h3 Kf6 41. Ke4 Ke6 42. a4 a6 43. Kd4 Kf5 44. Kd5 g4 45. e4+ Kg6 46.
hxg4 h4 47. e5 h3 48. e6 h2 49. Kd6 h1=Q 50. e7 Kf7 51. g5 Qd1+ 52. Kc7 Kxe7
53. g6 Qd6+ 54. Kb7 b5 55. g7 Kf7 56. axb5 axb5 57. b4 Kxg7 58. Ka7 Qc6 59. Kb8
Qd7 60. Ka8 Kf6 61. Kb8 Ke6 62. Ka8 Kd6 0-1

[Event "Moscow-Open 2021_A"]
[Site "Moscow"]
[Date "2021.02.28"]
[Round "9.7"]
[White "Mochalin, Faddey"]
[Black "Maiorov, Nikita"]
[Result "0-1"]
[WhiteElo "2110"]
[BlackElo "2495"]
[PlyCount "82"]
[EventDate "2021.02.20"]

1. d4 Nf6 2. c4 e6 3. Nf3 b6 4. g3 Bb7 5. Bg2 Bb4+ 6. Bd2 Be7 7. Nc3 O-O 8. O-O
Na6 9. Re1 d5 10. cxd5 exd5 11. Bf4 h6 12. Rc1 Re8 13. a3 c5 14. e3 Bf8 15. h3
Qe7 16. g4 Nc7 17. Bg3 Ne6 18. Ne5 Red8 19. f3 Ne8 20. Qa4 Rdc8 21. Rcd1 Nf6
22. Bf1 a6 23. Qc2 Nd7 24. Kg2 Nxe5 25. Bxe5 b5 26. Qd2 c4 27. e4 Qd7 28. Bg3
a5 29. Nxd5 Bxd5 30. exd5 Nc7 31. Bxc7 Rxc7 32. Qf4 Bd6 33. Qf5 Qd8 34. Rc1 Qh4
35. f4 g6 36. Qe4 Re7 37. Qb1 Bxf4 38. Kg1 Qg3+ 39. Bg2 Rae8 40. Rxe7 Rxe7 41.
d6 Re2 0-1

[Event "Moscow-Open 2021_A"]
[Site "Moscow"]
[Date "2021.02.28"]
[Round "9.8"]
[White "Iljiushenok, Ilia"]
[Black "Tsoi, Dmitry"]
[Result "0-1"]
[WhiteElo "2534"]
[BlackElo "2334"]
[PlyCount "84"]
[EventDate "2021.02.20"]

1. e4 d5 2. exd5 Qxd5 3. Nc3 Qa5 4. Bc4 Nf6 5. Nf3 Bg4 6. h3 Bxf3 7. Qxf3 c6 8.
O-O e6 9. d4 Nbd7 10. Bb3 Be7 11. Ne2 O-O 12. Bf4 Qb6 13. Rad1 a5 14. a4 Qa6
15. Rfe1 Nb6 16. Nc1 Nfd5 17. Bg3 Nc4 18. Nd3 b5 19. c3 Ncb6 20. Nc5 Bxc5 21.
dxc5 Nxa4 22. c4 Ne7 23. Bd6 Rfe8 24. Bc2 Nxb2 25. cxb5 cxb5 26. Rd4 Nf5 27.
Qe4 g6 28. Bb3 a4 29. Ba2 Nxd4 30. Qxd4 Nc4 31. Bxc4 bxc4 32. Be5 Rad8 33. Qh4
Rd5 34. Qf6 Rxe5 35. Qxe5 Rc8 36. Rd1 a3 37. h4 Qa4 38. Qa1 Qb4 39. Qf6 Qxc5
40. Rd7 Qf8 41. h5 c3 42. h6 c2 0-1

[Event "Moscow-Open 2021_A"]
[Site "Moscow"]
[Date "2021.02.28"]
[Round "9.9"]
[White "Gubajdullin, Alexei"]
[Black "Lazavik, Denis"]
[Result "1/2-1/2"]
[WhiteElo "2347"]
[BlackElo "2442"]
[PlyCount "86"]
[EventDate "2021.02.20"]

1. d4 d5 2. Bf4 Nf6 3. e3 e6 4. Nd2 Bd6 5. Bxd6 Qxd6 6. f4 c5 7. c3 Bd7 8. Ngf3
Ng4 9. Qe2 cxd4 10. cxd4 a6 11. Ne5 Nxe5 12. fxe5 Qb6 13. Nb3 O-O 14. Nc5 f6
15. exf6 Rxf6 16. Qc2 e5 17. dxe5 Rc6 18. Rc1 Qa5+ 19. b4 Qxb4+ 20. Qd2 Qb6 21.
Bc4 Rxc5 22. Bxd5+ Kh8 23. O-O Nc6 24. e6 Rxd5 25. Qxd5 Qxe3+ 26. Kh1 Bxe6 27.
Qd6 Bg8 28. Qc7 Rf8 29. Qxb7 Rxf1+ 30. Rxf1 Qe2 31. Kg1 Ne5 32. h3 Qxa2 33. Rf8
Ng6 34. Ra8 a5 35. Qe4 Qa3 36. Qd5 Ne7 37. Qxa5 Qc1+ 38. Kh2 Qf4+ 39. Kh1 h6
40. Re8 Ng6 41. Qd5 Qf1+ 42. Kh2 Qf4+ 43. Kh1 Qf1+ 1/2-1/2

[Event "Moscow-Open 2021_A"]
[Site "Moscow"]
[Date "2021.02.28"]
[Round "9.10"]
[White "Badelka, Olga"]
[Black "Safin, Robert"]
[Result "1-0"]
[WhiteElo "2428"]
[BlackElo "2283"]
[PlyCount "101"]
[EventDate "2021.02.20"]

1. Nf3 Nf6 2. g3 g6 3. c4 Bg7 4. d4 O-O 5. Bg2 d6 6. Nc3 Nc6 7. O-O Bf5 8. d5
Na5 9. Nd2 c6 10. b4 Nxc4 11. Nxc4 Nxd5 12. Nxd5 Bxa1 13. Bh6 Bg7 14. Bxg7 Kxg7
15. Nde3 Bc8 16. Na5 d5 17. Qd4+ f6 18. f4 Qb6 19. Qd2 Be6 20. Kh1 Rad8 21. f5
d4 22. fxe6 dxe3 23. Qc3 Rd2 24. Bf3 Rfd8 25. a3 a6 26. Kg2 Qb5 27. Qxe3 Rc2
28. Kg1 Rd6 29. Qb3 Rdd2 30. Qe3 Rd6 31. Nb3 Qc4 32. Nc5 b6 33. Nd3 c5 34. bxc5
Rxe6 35. Qf4 Qb3 36. Qb4 Qc3 37. cxb6 Qxb4 38. Nxb4 Rc8 39. b7 Rb8 40. Rc1 a5
41. Nd3 Rb6 42. Rc7 Kf7 43. Nc5 Rd8 44. Nd7 Rb1+ 45. Kg2 f5 46. Bc6 h5 47. Rc8
Rxd7 48. Bxd7 Rxb7 49. Be8+ Kf6 50. a4 Ra7 51. Bb5 1-0

[Event "Moscow-Open 2021_A"]
[Site "Moscow"]
[Date "2021.02.28"]
[Round "9.11"]
[White "Ibadov, Dashgyn"]
[Black "Savitskiy, Sergey"]
[Result "0-1"]
[WhiteElo "2282"]
[BlackElo "2427"]
[PlyCount "74"]
[EventDate "2021.02.20"]

1. e4 c5 2. Nf3 d6 3. d4 cxd4 4. Nxd4 Nf6 5. Nc3 Nc6 6. Bg5 e6 7. Bb5 Bd7 8.
Qd3 a6 9. Bxc6 bxc6 10. O-O-O h6 11. Bh4 Be7 12. Nb3 a5 13. f4 a4 14. Nd4 a3
15. b3 d5 16. e5 Nh7 17. Bxe7 Qxe7 18. Kb1 O-O 19. Nf3 Rfb8 20. g4 c5 21. h4
Rb4 22. Qd2 Bc6 23. Rhe1 Qb7 24. Ne2 d4 25. Nfg1 Nf8 26. f5 exf5 27. gxf5 Be4
28. Nc1 Bxf5 29. Rf1 Bh7 30. Nd3 Rb6 31. Ka1 c4 32. Nf4 d3 33. cxd3 cxb3 34.
Ne6 b2+ 35. Kb1 Rxe6 36. Qc3 Rc6 37. Qd4 Rac8 0-1

[Event "Moscow-Open 2021_A"]
[Site "Moscow"]
[Date "2021.02.28"]
[Round "9.12"]
[White "Naumkin, Igor"]
[Black "Smirnov, Timofey"]
[Result "0-1"]
[WhiteElo "2277"]
[BlackElo "2414"]
[PlyCount "62"]
[EventDate "2021.02.20"]

1. d4 d5 2. c4 c6 3. Nf3 Nf6 4. Nc3 dxc4 5. a4 Bf5 6. e3 e6 7. Bxc4 Bb4 8. O-O
O-O 9. Nh4 Bg6 10. f3 Nbd7 11. Nxg6 hxg6 12. e4 e5 13. Be3 Qe7 14. Qe2 a5 15.
Kh1 Rad8 16. Ba2 exd4 17. Bxd4 Bc5 18. Bxc5 Nxc5 19. e5 Nd5 20. Nxd5 cxd5 21.
Rad1 d4 22. f4 Qd7 23. Qc2 Qxa4 24. Qxa4 Nxa4 25. e6 fxe6 26. Bxe6+ Kh7 27. Rf3
g5 28. fxg5 Nxb2 29. Rb1 d3 30. Kg1 Rxf3 31. gxf3 d2 0-1

[Event "Moscow-Open 2021_A"]
[Site "Moscow"]
[Date "2021.02.28"]
[Round "9.13"]
[White "Rostovtsev, Dmitry"]
[Black "Assaubayeva, Bibisara"]
[Result "0-1"]
[WhiteElo "2037"]
[BlackElo "2378"]
[PlyCount "108"]
[EventDate "2021.02.20"]

1. e4 c5 2. Nf3 d6 3. d4 cxd4 4. Nxd4 Nf6 5. Nc3 a6 6. Be3 e6 7. f3 b5 8. Qd2
Bb7 9. g4 h6 10. O-O-O Nbd7 11. h4 b4 12. Na4 d5 13. exd5 Bxd5 14. Kb1 Nxg4 15.
Bh3 Nge5 16. Qf2 Be7 17. Rhg1 Qa5 18. b3 Bf6 19. f4 Nc4 20. bxc4 Bxc4 21. Nb3
Qxa4 22. Bd4 Rc8 23. f5 e5 24. Be3 Qb5 25. Bf1 Bxf1 26. Rgxf1 a5 27. Qg2 a4 28.
Rd5 Qa6 29. Ra5 Qc6 30. Qxc6 Rxc6 31. Rxa4 Ke7 32. Rxb4 Rhc8 33. Rf2 Rc4 34.
Rb7 Bxh4 35. Rg2 Bg5 36. Bxg5+ hxg5 37. Rxg5 Kf6 38. Rg2 R8c7 39. Rb5 Rf4 40.
Ra5 Kxf5 41. Rxg7 Nb6 42. Rc5 Rf1+ 43. Nc1 Rxc1+ 44. Kxc1 Rxc5 45. Rxf7+ Ke4
46. Kd2 Nc4+ 47. Kc3 Nd6+ 48. Kb4 Rb5+ 49. Ka4 Nxf7 50. Kxb5 Kd4 51. a4 Nd6+
52. Kb4 Nc4 53. a5 Nxa5 54. Kxa5 Kc3 0-1